<?xml version="1.0" encoding="UTF-8"?><?xml-stylesheet type="text/xsl" href="static/style.xsl"?><OAI-PMH xmlns="http://www.openarchives.org/OAI/2.0/" xmlns:xsi="http://www.w3.org/2001/XMLSchema-instance" xsi:schemaLocation="http://www.openarchives.org/OAI/2.0/ http://www.openarchives.org/OAI/2.0/OAI-PMH.xsd"><responseDate>2026-04-17T15:42:38Z</responseDate><request verb="GetRecord" identifier="oai:www.recercat.cat:10459.1/57952" metadataPrefix="marc">https://recercat.cat/oai/request</request><GetRecord><record><header><identifier>oai:recercat.cat:10459.1/57952</identifier><datestamp>2024-12-05T22:07:57Z</datestamp><setSpec>com_2072_3622</setSpec><setSpec>col_2072_479130</setSpec></header><metadata><record xmlns="http://www.loc.gov/MARC21/slim" xmlns:dcterms="http://purl.org/dc/terms/" xmlns:xsi="http://www.w3.org/2001/XMLSchema-instance" xmlns:doc="http://www.lyncode.com/xoai" xsi:schemaLocation="http://www.loc.gov/MARC21/slim http://www.loc.gov/standards/marcxml/schema/MARC21slim.xsd">
   <leader>00925njm 22002777a 4500</leader>
   <datafield ind2=" " ind1=" " tag="042">
      <subfield code="a">dc</subfield>
   </datafield>
   <datafield ind2=" " ind1=" " tag="720">
      <subfield code="a">Gas Ruiz, Cristina</subfield>
      <subfield code="e">author</subfield>
   </datafield>
   <datafield ind2=" " ind1=" " tag="720">
      <subfield code="a">Villalobos Mori, Rafael</subfield>
      <subfield code="e">author</subfield>
   </datafield>
   <datafield ind2=" " ind1=" " tag="720">
      <subfield code="a">Mias Carballal, Mª Carmen</subfield>
      <subfield code="e">author</subfield>
   </datafield>
   <datafield ind2=" " ind1=" " tag="720">
      <subfield code="a">Escoll Rufino, Jordi</subfield>
      <subfield code="e">author</subfield>
   </datafield>
   <datafield ind2=" " ind1=" " tag="720">
      <subfield code="a">Ros López, Susana</subfield>
      <subfield code="e">author</subfield>
   </datafield>
   <datafield ind2=" " ind1=" " tag="720">
      <subfield code="a">Melé Olivé, Jordi</subfield>
      <subfield code="e">author</subfield>
   </datafield>
   <datafield ind2=" " ind1=" " tag="720">
      <subfield code="a">Escartín Arias, Alfredo</subfield>
      <subfield code="e">author</subfield>
   </datafield>
   <datafield ind2=" " ind1=" " tag="720">
      <subfield code="a">Olsina Kissler, Jorge Juan</subfield>
      <subfield code="e">author</subfield>
   </datafield>
   <datafield ind2=" " ind1=" " tag="260">
      <subfield code="c">2016-10-17T10:56:51Z</subfield>
   </datafield>
   <datafield ind2=" " ind1=" " tag="260">
      <subfield code="c">2016-10-17T10:56:51Z</subfield>
   </datafield>
   <datafield ind2=" " ind1=" " tag="260">
      <subfield code="c">2016</subfield>
   </datafield>
   <datafield ind2=" " ind1=" " tag="520">
      <subfield code="a">La reparación de la hernia incisional gigante requiere una técnica de disección compleja, con un alto riesgo de complicaciones posoperatorias.&#xd;
&#xd;
Presentamos un caso de eventración recidivada en el que se realizó una técnica de separación de componentes para su cierre primario. El caso se complicó con un sangrado posoperatorio secundario a la lesión inadvertida de un vaso perforante, por lo que tuvo que ser reintervenido de urgencias. A los 3 días fue dado de alta sin más complicaciones. A los pocos días reingresó por isquemia intestinal con síndrome compartimental abdominal asociado, que se trató mediante laparotomía descompresiva dejando el abdomen abierto. Posteriormente se realizó el cierre primario diferido con una segunda técnica de separación de componentes, controlando las presiones de cierre aponeurótico mediante un dinamómetro digital. Al año de seguimiento el paciente mantiene una buena calidad de vida, y se descarta recidiva herniaria mediante tac de control.&#xd;
&#xd;
A pesar de tratarse de una dolencia benigna, no debemos menospreciar las importantes complicaciones que pueden aparecer en el posoperatorio, sobre todo cuando se trata de una hernia incisional de gran tamaño que ha precisado una disección considerable de la pared abdominal.&#xd;
&#xd;
En el contexto de cualquier posoperatorio de cirugía abdominal, cuando un paciente presenta distensión y dolor abdominal hay que descartar la existencia de hipertensión intraabdominal para evitar la progresión al síndrome compartimental agravado con una alta mortalidad a la que este se asocia.</subfield>
   </datafield>
   <datafield ind1="8" ind2=" " tag="024">
      <subfield code="a">http://hdl.handle.net/10459.1/57952</subfield>
   </datafield>
   <datafield tag="653" ind2=" " ind1=" ">
      <subfield code="a">Eventración</subfield>
   </datafield>
   <datafield tag="653" ind2=" " ind1=" ">
      <subfield code="a">Abdomen abierto</subfield>
   </datafield>
   <datafield tag="653" ind2=" " ind1=" ">
      <subfield code="a">Tensión de cierre</subfield>
   </datafield>
   <datafield tag="653" ind2=" " ind1=" ">
      <subfield code="a">Dinamómetro</subfield>
   </datafield>
   <datafield tag="653" ind2=" " ind1=" ">
      <subfield code="a">Isquemia intestinal</subfield>
   </datafield>
   <datafield tag="653" ind2=" " ind1=" ">
      <subfield code="a">Eventroplastia</subfield>
   </datafield>
   <datafield tag="653" ind2=" " ind1=" ">
      <subfield code="a">Síndrome compartimental: separación anatómica</subfield>
   </datafield>
   <datafield ind2="0" ind1="0" tag="245">
      <subfield code="a">Cierre primario diferido después de eventroplastia complicada</subfield>
   </datafield>
   <datafield ind2="0" ind1="0" tag="245">
      <subfield code="a">Abdominal compartment syndrome: sever complication after herniorraphy</subfield>
   </datafield>
</record></metadata></record></GetRecord></OAI-PMH>